Top 12 Most Popular Halloween Costumes - Statistics

General Stats
  • This quiz has been taken 224 times
  • The average score is 8 of 12
Answer Stats
Most Known From... Answer % Correct
Batman / The Dark Knight The Joker
93%
WWE / Moana / Jumanji The Rock
84%
Toy Story Buzz Lightyear
81%
DC Comics / The Suicide Squad Harley Quinn
80%
101 Dalmatians Cruella De Vil
73%
Singer (e.g. Jailhouse Rock) Elvis
73%
Mattel Doll Barbie
63%
MCU / WandaVision Wanda Maximoff
62%
Top Gun Maverick
54%
The Mandalorian Baby Yoda
49%
The Addams Family Wednesday Addams
41%
Tiger King Carole Baskin
17%
No matching quizzes found
Score Distribution
Percent of People with Each Score
Percentile by Number Answered
Your Score History
You have not taken this quiz